[Event "14th Reykjavik op"]
[Site "Reykjavik ISL"]
[Date "1990.03.17"]
[Round "1.3"]
[White "Azmaiparashvili, Zurab"]
[Black "Winsnes, Rikard"]
[Result "1-0"]
[WhiteElo "2610"]
[BlackElo "2385"]
[EventDate "1990.03.17"]
[PlyCount "101"]

1.c4 c5 2.Nf3 Nc6 3.Nc3 e5 4.g3 g6 5.Bg2 Bg7 6.O-O d6 7.a3 a5 8.Ne1 Be6 9.
Qa4 Ne7 10.Nc2 Bd7 11.Ne3 Nd4 12.Qd1 Ra7 13.a4 O-O 14.d3 Nec6 15.Bd2 Bh6 
16.Nb5 Nxb5 17.axb5 Nb4 18.Bxb4 cxb4 19.Nd5 Ra8 20.Ra2 Be6 21.f4 Kh8 22.b3
Bxd5 23.Bxd5 exf4 24.gxf4 f5 25.e3 Ra7 26.Rf3 b6 27.h4 Bg7 28.Rh2 Bf6 29.
d4 Bxh4 30.Rfh3 Bf6 31.Kf2 Rg7 32.Ke2 Qe7 33.Kd3 g5 34.Qh5 gxf4 35.exf4 
Bxd4 36.Re2 Qd8 37.Kxd4 Qf6+ 38.Ke3 Qc3+ 39.Kf2 Qd4+ 40.Ree3 Qxf4+ 41.Ke2 
Qd4 42.Re8 Qb2+ 43.Kf1 Qa1+ 44.Kf2 Qb2+ 45.Qe2 Qd4+ 46.Qe3 Qb2+ 47.Kf1 Qf6
48.Rxf8+ Qxf8 49.Qxb6 Rg4 50.Qxa5 Rf4+ 51.Rf3 1-0

[Event "14th Reykjavik op"]
[Site "Reykjavik ISL"]
[Date "1990.03.17"]
[Round "1.7"]
[White "Sokolov, Andrei"]
[Black "Burger, Karl"]
[Result "1-0"]
[WhiteElo "2585"]
[BlackElo "2345"]
[EventDate "1990.03.17"]
[PlyCount "55"]

1.e4 c6 2.c4 d5 3.exd5 cxd5 4.cxd5 Nf6 5.Nc3 Nxd5 6.Nf3 e6 7.d4 Be7 8.Bc4 
Nc6 9.O-O O-O 10.Re1 a6 11.Bb3 Re8 12.Qd3 Nxc3 13.bxc3 Bf6 14.Qe4 Bd7 15.
h4 Ne7 16.Ng5 Bxg5 17.Bxg5 Qc7 18.Bxe7 Rxe7 19.Re3 Rae8 20.h5 Bc6 21.Qh4 
h6 22.Rae1 Kf8 23.Rg3 Bd5 24.Qg4 f5 25.Qg6 Bxb3 26.axb3 Qb6 27.Qh7 Rf7 28.
d5 1-0

[Event "14th Reykjavik op"]
[Site "Reykjavik ISL"]
[Date "1990.03.17"]
[Round "1.8"]
[White "Bewersdorff, Oliver"]
[Black "Olafsson, Helgi"]
[Result "0-1"]
[WhiteElo "2325"]
[BlackElo "2575"]
[EventDate "1990.03.17"]
[PlyCount "108"]

1.d4 Nf6 2.c4 e6 3.Nf3 b6 4.g3 Ba6 5.b3 Bb7 6.Bg2 Bb4+ 7.Bd2 a5 8.O-O O-O 
9.Bf4 a4 10.bxa4 Bc6 11.Qb3 Ba5 12.Na3 d6 13.Nb5 Nbd7 14.Rfd1 Be4 15.Rac1 
Qc8 16.Bh3 h6 17.Ne1 Bxe1 18.Rxe1 Ne8 19.f3 Bc6 20.Be3 Ndf6 21.c5 bxc5 22.
dxc5 d5 23.Bf4 Nd7 24.Red1 Qa6 25.Bxc7 Qxa4 26.Qxa4 Rxa4 27.Nd4 Rxd4 28.
Rxd4 Nxc7 29.Rb4 Na6 30.Rb3 Rc8 31.Rbc3 Ne5 32.Bf1 Bb5 33.Ra3 Nc4 34.Rb3 
Ba4 35.Rb7 Nxc5 36.Rb4 Bd7 37.Rc3 Na4 38.Rc1 Kf8 39.e3 Nab6 40.Kf2 Ra8 41.
Rc2 Ke7 42.Bxc4 Nxc4 43.Rb7 Kd6 44.h4 Kc6 45.Rb1 Kc5 46.Rb7 Ba4 47.Rc3 Bc6
48.Rxf7 Rxa2+ 49.Kg1 e5 50.Re7 Kb4 51.Rd3 Nd2 52.e4 Kc4 53.exd5 Kxd3 54.
dxc6 Nxf3+ 0-1

[Event "14th Reykjavik op"]
[Site "Reykjavik ISL"]
[Date "1990.03.17"]
[Round "1.9"]
[White "Tukmakov, Vladimir"]
[Black "Becx, Cesar"]
[Result "1-0"]
[WhiteElo "2570"]
[BlackElo "2300"]
[EventDate "1990.03.17"]
[PlyCount "56"]

1.d4 f5 2.Nf3 Nf6 3.g3 g6 4.Bg2 Bg7 5.O-O O-O 6.b3 d6 7.Bb2 Ne4 8.c4 Nc6 
9.Nbd2 e5 10.dxe5 Nxd2 11.Qxd2 dxe5 12.Qd5+ Kh8 13.e4 f4 14.gxf4 exf4 15.
Ba3 Re8 16.Rad1 Qf6 17.e5 Qf5 18.Rfe1 Qh5 19.e6 Bc3 20.Ng5 h6 21.Ne4 Be5 
22.Nc5 f3 23.Bxf3 Qxh2+ 24.Kf1 Qh3+ 25.Bg2 Qh5 26.Rxe5 Nxe5 27.Bb2 Bxe6 
28.Qxe5+ Qxe5 1-0

[Event "14th Reykjavik op"]
[Site "Reykjavik ISL"]
[Date "1990.03.17"]
[Round "1.11"]
[White "Browne, Walter Shawn"]
[Black "Bjoernsson, Tomas"]
[Result "1-0"]
[WhiteElo "2560"]
[BlackElo "2300"]
[EventDate "1990.03.17"]
[PlyCount "80"]

1.d4 d5 2.c4 e6 3.Nc3 Nf6 4.cxd5 exd5 5.Bg5 Be7 6.e3 O-O 7.Bd3 Nbd7 8.Nf3 
Re8 9.O-O c6 10.Qc2 h6 11.Bf4 Nf8 12.h3 Bd6 13.Bxd6 Qxd6 14.Rab1 Be6 15.b4
N8d7 16.Na4 b5 17.Nc5 Nxc5 18.dxc5 Qc7 19.Nd4 a5 20.a4 bxa4 21.b5 cxb5 22.
Bxb5 Rec8 23.c6 a3 24.Rb3 Ne4 25.Rxa3 Nd6 26.Rc1 Rcb8 27.Bd3 Rc8 28.Ra4 
Rcb8 29.Qc5 Ra7 30.Qc3 Rd8 31.Rca1 Rda8 32.Qc5 Nb7 33.Qc3 Nd6 34.f4 Qe7 
35.Kh2 Qc7 36.Kh1 Qc8 37.Rxa5 Rxa5 38.Rxa5 Rxa5 39.Qxa5 Nc4 40.Bxc4 dxc4 
1-0

[Event "14th Reykjavik op"]
[Site "Reykjavik ISL"]
[Date "1990.03.17"]
[Round "1.17"]
[White "Ivanov, Alexander"]
[Black "Arnason, Asgeir Thor"]
[Result "1-0"]
[WhiteElo "2520"]
[BlackElo "2265"]
[EventDate "1990.03.17"]
[PlyCount "82"]

1.e4 e5 2.Nf3 Nc6 3.Bb5 a6 4.Ba4 Nf6 5.O-O Be7 6.Re1 b5 7.Bb3 O-O 8.c3 d6 
9.h3 Na5 10.Bc2 c5 11.d4 Qc7 12.Nbd2 Nc6 13.d5 Nb8 14.a4 Ra7 15.Nf1 Ne8 
16.Qe2 Rb7 17.axb5 axb5 18.b4 Nd7 19.Be3 g6 20.Reb1 c4 21.g4 Ng7 22.Ng3 
Nf6 23.Nh2 h5 24.Kg2 Qd7 25.f3 Nh7 26.Rg1 Kh8 27.f4 exf4 28.Bxf4 Bf6 29.
Qd2 Re8 30.Nf3 hxg4 31.hxg4 Be5 32.Bxe5 dxe5 33.Rh1 Qxg4 34.Rh4 Qd7 35.
Rah1 Nh5 36.Qh6 f6 37.Qxg6 Nf4+ 38.Rxf4 exf4 39.Rxh7+ Qxh7 40.Qxe8+ Kg7 
41.Qxc8 1-0

[Event "14th Reykjavik op"]
[Site "Reykjavik ISL"]
[Date "1990.03.17"]
[Round "1.18"]
[White "Olafsson, David"]
[Black "Geller, Efim"]
[Result "1-0"]
[WhiteElo "2260"]
[BlackElo "2515"]
[EventDate "1990.03.17"]
[PlyCount "75"]

1.e4 e5 2.Nf3 Nc6 3.d4 exd4 4.Bc4 Nf6 5.e5 d5 6.Bb5 Ne4 7.Nxd4 Bd7 8.Bxc6 
bxc6 9.O-O Be7 10.f3 Nc5 11.f4 O-O 12.Qe1 Ne4 13.c3 f6 14.Nd2 fxe5 15.fxe5
c5 16.N4f3 Bb5 17.c4 Nxd2 18.Nxd2 Rxf1+ 19.Qxf1 dxc4 20.Nf3 Rb8 21.Be3 c3 
22.Qf2 cxb2 23.Qxb2 Bd3 24.Qc3 Qd5 25.Qa3 Be4 26.Qxa7 Rb2 27.Qa3 Re2 28.
Rf1 h6 29.Qa4 Kh7 30.Qe8 Qxa2 31.Bf2 Qe6 32.Ng5+ hxg5 33.Qh5+ Qh6 34.Qxe2 
Qg6 35.Qe3 Qc6 36.Qh3+ Kg6 37.Be3 c4 38.g4 1-0

[Event "14th Reykjavik op"]
[Site "Reykjavik ISL"]
[Date "1990.03.17"]
[Round "1.19"]
[White "Makarichev, Sergei"]
[Black "Karason, Askell Oern"]
[Result "1-0"]
[WhiteElo "2510"]
[BlackElo "2250"]
[EventDate "1990.03.17"]
[PlyCount "94"]

1.c4 e5 2.g3 Nc6 3.Bg2 g6 4.Nc3 Bg7 5.Rb1 a5 6.a3 d6 7.b4 axb4 8.axb4 Nge7
9.d3 O-O 10.b5 Nd4 11.e3 Ne6 12.Nge2 Nc5 13.O-O Bf5 14.e4 Bg4 15.h3 Be6 
16.Be3 Qd7 17.Kh2 Ra3 18.Bc1 Raa8 19.Be3 Ra3 20.Bc1 Raa8 21.Nd5 f5 22.Bb2 
fxe4 23.dxe4 Na4 24.Bc1 c6 25.Rb4 cxd5 26.cxd5 Nc5 27.dxe6 Qxe6 28.Nc3 Ra1
29.Qc2 Qd7 30.h4 Qc7 31.Be3 Rxf1 32.Bxf1 Kh8 33.Qa2 b6 34.Nd5 Nxd5 35.Qxd5
h6 36.Rb1 Kh7 37.Rd1 Qa7 38.h5 gxh5 39.Bh3 h4 40.Bf5+ Rxf5 41.exf5 hxg3+ 
42.fxg3 Qd7 43.Bxc5 bxc5 44.Qe6 Qxb5 45.Qg6+ Kh8 46.f6 Bf8 47.Qf7 1-0

[Event "14th Reykjavik op"]
[Site "Reykjavik ISL"]
[Date "1990.03.17"]
[Round "1.21"]
[White "Wessman, Richard"]
[Black "Arnason, Throestur"]
[Result "1-0"]
[WhiteElo "2505"]
[BlackElo "2235"]
[EventDate "1990.03.17"]
[PlyCount "94"]

1.d4 d5 2.c4 c6 3.Nc3 e6 4.cxd5 exd5 5.Qc2 Bd6 6.Nf3 Ne7 7.Bg5 a5 8.e3 Na6
9.a3 f6 10.Bh4 Bf5 11.Bd3 Bxd3 12.Qxd3 O-O 13.Bg3 f5 14.O-O Ng6 15.Bxd6 
Qxd6 16.Rab1 Nc7 17.Rfc1 Rf6 18.Na4 Re8 19.Qb3 b5 20.Nc5 a4 21.Qc2 Na8 22.
b3 axb3 23.Rxb3 Nb6 24.Rc3 Nc4 25.a4 bxa4 26.Qxa4 h6 27.h4 Rff8 28.h5 Ne7 
29.Ne5 Nxe5 30.dxe5 Qxe5 31.Nd7 Qe4 32.Qxe4 fxe4 33.Nxf8 Rxf8 34.Rb3 Rf5 
35.Rb7 Kf8 36.Ra1 Rxh5 37.Ra8+ Kf7 38.Rc8 Re5 39.Rxc6 h5 40.Rd6 Rf5 41.Kf1
h4 42.Kg1 g5 43.Kh2 Re5 44.Kh3 Kf8 45.Kg4 Kf7 46.Rdd7 Kf6 47.Rxe7 1-0

[Event "14th Reykjavik op"]
[Site "Reykjavik ISL"]
[Date "1990.03.17"]
[Round "1.25"]
[White "Tisdall, Jonathan"]
[Black "Kristjansson, Olafur"]
[Result "1/2-1/2"]
[WhiteElo "2480"]
[BlackElo "2215"]
[EventDate "1990.03.17"]
[PlyCount "50"]

1.d4 Nf6 2.c4 e6 3.Nc3 Bb4 4.Qc2 c5 5.dxc5 Nc6 6.Nf3 Bxc5 7.Bf4 O-O 8.e3 
d5 9.a3 Qa5 10.Nd2 Bb4 11.Nb3 Bxc3+ 12.bxc3 Qa4 13.Nd4 Qxc2 14.Nxc2 Na5 
15.Bd6 Re8 16.cxd5 Nxd5 17.c4 Nf6 18.Nd4 Bd7 19.Bb4 Nc6 20.Nxc6 Bxc6 21.f3
Rac8 22.Bd3 Nd7 23.Bd6 Ba4 24.Rb1 Rc6 25.Bg3 1/2-1/2

[Event "14th Reykjavik op"]
[Site "Reykjavik ISL"]
[Date "1990.03.17"]
[Round "1.26"]
[White "Briem, Stefan"]
[Black "Mortensen, Erling"]
[Result "0-1"]
[WhiteElo "2215"]
[BlackElo "2480"]
[EventDate "1990.03.17"]
[PlyCount "78"]

1.e4 c5 2.d4 cxd4 3.c3 dxc3 4.Nxc3 Nc6 5.Nf3 e6 6.Bc4 a6 7.O-O b5 8.Bb3 
Nge7 9.Bf4 Ng6 10.Bg3 f6 11.Qe2 Bc5 12.Rfd1 Qe7 13.Rac1 O-O 14.Nd5 exd5 
15.Rxc5 Qxc5 16.Rxd5 Qxd5 17.Bxd5+ Kh8 18.Bd6 Rd8 19.h4 Bb7 20.h5 Nf8 21.
Nh4 Ne6 22.Qg4 Re8 23.f4 Ncd8 24.Bxb7 Nxb7 25.Bb4 a5 26.Bd2 Nbc5 27.e5 
fxe5 28.fxe5 Nf8 29.h6 g6 30.Bg5 Nce6 31.Bf6+ Kg8 32.Nf5 Ra6 33.Qf3 gxf5 
34.Qxf5 Rc6 35.Qd3 b4 36.Qd5 Rc5 37.Qd6 Rc2 38.Qa6 Rec8 39.Qxa5 Nf4 0-1

[Event "14th Reykjavik op"]
[Site "Reykjavik ISL"]
[Date "1990.03.17"]
[Round "1.28"]
[White "Gudmundsson, Kristjan"]
[Black "Arkell, Keith"]
[Result "1-0"]
[WhiteElo "2210"]
[BlackElo "2460"]
[EventDate "1990.03.17"]
[PlyCount "90"]

1.e4 c5 2.Nf3 e6 3.d3 Nc6 4.g3 d5 5.Nbd2 g6 6.Bg2 Bg7 7.O-O Nf6 8.Re1 O-O 
9.c3 Qc7 10.Qc2 b5 11.Nf1 c4 12.exd5 exd5 13.Bf4 Qb6 14.Be3 Qa5 15.dxc4 
Bf5 16.Qc1 dxc4 17.Nd4 Nxd4 18.Bxd4 Rae8 19.Ne3 Bd3 20.Bc5 Bh6 21.Bxf8 
Kxf8 22.Qd1 Bxe3 23.Rxe3 Rxe3 24.fxe3 Qb6 25.Qf3 g5 26.Re1 Be4 27.Qd1 Bd3 
28.Bf3 Kg7 29.Kg2 b4 30.cxb4 Qxb4 31.Qc1 g4 32.Be2 Be4+ 33.Kf2 Ba8 34.Qc3 
Qb7 35.Rf1 Kg6 36.Ke1 Qb6 37.Bxc4 Bf3 38.Bd3+ Kh6 39.Qd4 Qc6 40.Kd2 Kg7 
41.Rc1 Qb7 42.Rc5 h6 43.Rf5 Qc6 44.a4 a6 45.Rxf6 1-0

[Event "14th Reykjavik op"]
[Site "Reykjavik ISL"]
[Date "1990.03.18"]
[Round "2.1"]
[White "Polugaevsky, Lev"]
[Black "Makarichev, Sergei"]
[Result "1-0"]
[WhiteElo "2610"]
[BlackElo "2510"]
[EventDate "1990.03.17"]
[PlyCount "83"]

1.d4 e6 2.c4 Bb4+ 3.Bd2 Bxd2+ 4.Qxd2 f5 5.g3 Nf6 6.Nc3 d6 7.Nf3 O-O 8.Bg2 
Ne4 9.Qc2 Nxc3 10.Qxc3 Nd7 11.O-O Nf6 12.Nd2 e5 13.dxe5 dxe5 14.e4 f4 15.
Nf3 fxg3 16.hxg3 Nxe4 17.Qxe5 Nd6 18.Rad1 Bg4 19.c5 Bxf3 20.cxd6 Bxd1 21.
dxc7 Qd7 22.Qd5+ Rf7 23.Qxd7 Rxd7 24.Bxb7 Rxc7 25.Bxa8 Be2 26.Re1 Rc2 27.
Bd5+ Kf8 28.b4 Bc4 29.Bxc4 Rxc4 30.a3 a5 31.b5 a4 32.b6 Rc8 33.Kg2 Kf7 34.
Kh3 Rb8 35.Rb1 Ke6 36.f4 Kd5 37.Rb4 Kc5 38.Rxa4 Rxb6 39.Ra7 Rh6+ 40.Kg4 
Rg6+ 41.Kf3 Kb6 42.Rf7 1-0

[Event "14th Reykjavik op"]
[Site "Reykjavik ISL"]
[Date "1990.03.18"]
[Round "2.2"]
[White "Wessman, Richard"]
[Black "Azmaiparashvili, Zurab"]
[Result "0-1"]
[WhiteElo "2505"]
[BlackElo "2610"]
[EventDate "1990.03.17"]
[PlyCount "68"]

1.d4 d6 2.Nf3 g6 3.c4 Bg7 4.Nc3 e5 5.dxe5 dxe5 6.Qxd8+ Kxd8 7.e3 f6 8.b3 
Be6 9.Ba3 Nd7 10.O-O-O Nh6 11.h3 Nf7 12.Be2 c6 13.Rd2 Kc7 14.Rhd1 Bf8 15.
Bb2 Bb4 16.Ne1 Rhd8 17.Nc2 Be7 18.g4 Nb6 19.Rxd8 Rxd8 20.Rxd8 Kxd8 21.Kd2 
Nd7 22.f4 f5 23.gxf5 Bxf5 24.Bg4 Bxg4 25.hxg4 Nf6 26.g5 Nh5 27.Ne2 Bd6 28.
fxe5 Nxe5 29.Ncd4 Kd7 30.Nf4 Ng3 31.Nde6 Ne4+ 32.Ke2 Nf7 33.Bf6 Nxf6 34.
gxf6 g5 0-1

[Event "14th Reykjavik op"]
[Site "Reykjavik ISL"]
[Date "1990.03.18"]
[Round "2.5"]
[White "Nijboer, Friso"]
[Black "Sokolov, Andrei"]
[Result "1/2-1/2"]
[WhiteElo "2485"]
[BlackElo "2585"]
[EventDate "1990.03.17"]
[PlyCount "42"]

1.e4 c5 2.Nf3 e6 3.d4 cxd4 4.Nxd4 Nf6 5.Nc3 d6 6.f4 a6 7.a4 Be7 8.Bd3 Qc7 
9.Nf3 Nbd7 10.O-O b6 11.Qe1 Nc5 12.Bd2 O-O 13.b4 Nxd3 14.cxd3 Qb7 15.Qg3 
Bd7 16.Rae1 Rac8 17.f5 Ne8 18.Rc1 exf5 19.Nd5 Bd8 20.Nd4 fxe4 21.dxe4 
1/2-1/2

[Event "14th Reykjavik op"]
[Site "Reykjavik ISL"]
[Date "1990.03.18"]
[Round "2.7"]
[White "Mortensen, Erling"]
[Black "Tukmakov, Vladimir"]
[Result "0-1"]
[WhiteElo "2480"]
[BlackElo "2570"]
[EventDate "1990.03.17"]
[PlyCount "79"]

1.e4 c5 2.Nf3 d6 3.d4 cxd4 4.Nxd4 Nf6 5.Nc3 Nc6 6.Bc4 Qb6 7.Nb3 e6 8.O-O 
Be7 9.Be3 Qc7 10.f4 a6 11.Bd3 b5 12.Qf3 Bb7 13.a4 b4 14.Ne2 Na5 15.Nxa5 
Qxa5 16.g4 O-O 17.g5 Nd7 18.Nd4 g6 19.Qh3 Nc5 20.f5 exf5 21.Nxf5 gxf5 22.
Rxf5 Qc7 23.Qh6 d5 24.Bd4 Ne6 25.e5 Bc5 26.Rf2 f6 27.Bxc5 Nxc5 28.gxf6 Kh8
29.e6 Nxe6 30.Re1 Rae8 31.Kf1 Qf7 32.Re5 Nc5 33.Rg5 Rg8 34.Rfg2 Nxd3 35.
cxd3 d4 36.R2g4 Rxg5 37.Rxg5 Rg8 38.Rxg8+ Kxg8 39.Qg5+ Qg6 40.Qe5 0-1

[Event "14th Reykjavik op"]
[Site "Reykjavik ISL"]
[Date "1990.03.18"]
[Round "2.12"]
[White "Hellers, Ferdinand"]
[Black "Einarsson, Halldor"]
[Result "1-0"]
[WhiteElo "2525"]
[BlackElo "2280"]
[EventDate "1990.03.17"]
[PlyCount "40"]

1.e4 e6 2.d4 d5 3.Nc3 Bb4 4.e5 c5 5.a3 Bxc3+ 6.bxc3 Ne7 7.Nf3 Nbc6 8.Be2 
Qa5 9.Bd2 cxd4 10.cxd4 Qa4 11.Rb1 Nxd4 12.Bd3 Nec6 13.O-O Bd7 14.Rxb7 
Nxf3+ 15.Qxf3 Qd4 16.Re1 Nxe5 17.Qg3 Nxd3 18.cxd3 Bc8 19.Rc7 Qb6 20.Bb4 
1-0

[Event "14th Reykjavik op"]
[Site "Reykjavik ISL"]
[Date "1990.03.18"]
[Round "2.15"]
[White "Kristjansson, Olafur"]
[Black "Dolmatov, Sergei"]
[Result "0-1"]
[WhiteElo "2215"]
[BlackElo "2620"]
[EventDate "1990.03.17"]
[PlyCount "82"]

1.e3 Nf6 2.b3 e5 3.Bb2 d6 4.d3 g6 5.g3 Bg4 6.f3 Be6 7.Bg2 c6 8.Ne2 h5 9.h3
Bh6 10.Qd2 Nbd7 11.f4 Qc7 12.c4 O-O-O 13.Nbc3 Kb8 14.O-O-O d5 15.cxd5 Nxd5
16.Nxd5 cxd5+ 17.Kb1 f6 18.Rc1 Qd6 19.Qa5 Bg7 20.Ba3 Qb6 21.Qxb6 Nxb6 22.
d4 e4 23.Bc5 Nc8 24.Nc3 b6 25.Ba3 Bf8 26.Bxf8 Rhxf8 27.Bf1 Ne7 28.Re1 g5 
29.h4 gxf4 30.gxf4 Rg8 31.Be2 Nf5 32.Nd1 Bf7 33.Rhg1 Kc7 34.Kb2 Kd6 35.Rh1
Rg2 36.Ka3 Rc8 37.Bf1 Rd2 38.Bh3 Rcc2 39.Bxf5 Rxa2+ 40.Kb4 Be8 41.Bxe4 0-1

[Event "14th Reykjavik op"]
[Site "Reykjavik ISL"]
[Date "1990.03.18"]
[Round "2.16"]
[White "Petursson, Margeir"]
[Black "Brendel, Oliver"]
[Result "1-0"]
[WhiteElo "2555"]
[BlackElo "2360"]
[EventDate "1990.03.17"]
[PlyCount "67"]

1.d4 Nf6 2.c4 g6 3.Nc3 Bg7 4.e4 d6 5.f3 O-O 6.Be3 Nc6 7.Qd2 a6 8.Nge2 Rb8 
9.h4 b5 10.h5 Na5 11.Ng3 e5 12.hxg6 fxg6 13.dxe5 dxe5 14.cxb5 axb5 15.Nxb5
c6 16.Nd6 Be6 17.Rd1 Bxa2 18.b4 Bb3 19.bxa5 Bxd1 20.Bc4+ Kh8 21.Kxd1 Nd5 
22.Bc5 Nf4 23.Kc2 Qg5 24.Nf1 Qf6 25.Ne3 Ne6 26.Ng4 Qe7 27.Ba3 Nd4+ 28.Kd3 
Rfd8 29.Qd1 Nf5 30.Kc2 Rxd6 31.Bxd6 Qxd6 32.exf5 Qf8 33.f6 Bxf6 34.Rxh7+ 
1-0

[Event "14th Reykjavik op"]
[Site "Reykjavik ISL"]
[Date "1990.03.18"]
[Round "2.18"]
[White "Stefansson, Hannes Hlifar"]
[Black "Tisdall, Jonathan"]
[Result "1-0"]
[WhiteElo "2420"]
[BlackElo "2480"]
[EventDate "1990.03.17"]
[PlyCount "86"]

1.c4 f5 2.g3 Nf6 3.Bg2 g6 4.b4 e5 5.Bb2 Qe7 6.Nf3 e4 7.Nd4 Bg7 8.Qb3 Nc6 
9.b5 Ne5 10.O-O d6 11.f3 Ned7 12.Nc3 Nc5 13.Qc2 O-O 14.Rad1 Bd7 15.Nb3 
Rae8 16.Kh1 exf3 17.Bxf3 c6 18.Na5 Nfe4 19.bxc6 bxc6 20.d3 Nxc3 21.Bxc3 
Rc8 22.Bxg7 Qxg7 23.Qd2 Qe7 24.Rb1 Rc7 25.Rb4 Ne6 26.Bg2 c5 27.Rb2 Nd4 28.
Bd5+ Kg7 29.e3 Nc6 30.Rfb1 Nd8 31.Rb8 Be6 32.Bg2 Bf7 33.Qc3+ Kh6 34.Re1 
Ne6 35.Rxf8 Qxf8 36.d4 Qg7 37.Qd2 g5 38.d5 Nf8 39.Rf1 Bg6 40.e4 fxe4 41.h4
Qe7 42.Nc6 e3 43.Qc3 1-0

[Event "14th Reykjavik op"]
[Site "Reykjavik ISL"]
[Date "1990.03.18"]
[Round "2.25"]
[White "Arkell, Keith"]
[Black "Arnason, Asgeir Thor"]
[Result "1-0"]
[WhiteElo "2460"]
[BlackElo "2265"]
[EventDate "1990.03.17"]
[PlyCount "80"]

1.d4 Nf6 2.Nf3 g6 3.c4 Bg7 4.Nc3 O-O 5.g3 a6 6.Bg2 c6 7.O-O b5 8.Ne5 d5 9.
b3 Be6 10.Bf4 Ra7 11.Qd2 Nfd7 12.Nxc6 Nxc6 13.cxd5 Nxd4 14.Be3 Bxd5 15.
Nxd5 e5 16.f4 Nb6 17.fxe5 Nxd5 18.Bxd4 Rd7 19.Bh3 Ne3 20.Rf4 Bxe5 21.Bxd7 
Bxf4 22.gxf4 Qxd7 23.Bxe3 Qg4+ 24.Kh1 Re8 25.Rf1 h5 26.Rf3 h4 27.h3 Qf5 
28.Qd3 Re4 29.Qd8+ Kg7 30.Qxh4 Qd5 31.Kh2 Qd1 32.Qf2 f5 33.Rg3 Qc2 34.Qg2 
Qc6 35.Bd4+ Kf7 36.Rc3 Qd6 37.e3 b4 38.Rc8 Rxd4 39.exd4 Qxf4+ 40.Kh1 Qe3 
1-0

[Event "14th Reykjavik op"]
[Site "Reykjavik ISL"]
[Date "1990.03.18"]
[Round "2.26"]
[White "Karason, Askell Oern"]
[Black "Thorhallsson, Throestur"]
[Result "0-1"]
[WhiteElo "2250"]
[BlackElo "2405"]
[EventDate "1990.03.17"]
[PlyCount "96"]

1.d4 d5 2.c4 e6 3.Nc3 c6 4.Nf3 dxc4 5.a4 Bb4 6.e3 b5 7.Bd2 Qb6 8.Ne5 Nd7 
9.axb5 Nxe5 10.dxe5 Ne7 11.Bxc4 O-O 12.Qb3 c5 13.O-O Qc7 14.f4 Rd8 15.Rad1
Bb7 16.Bc1 Nf5 17.Qc2 Rab8 18.Ne4 h6 19.Nd6 Nxd6 20.Rxd6 Rxd6 21.exd6 Qxd6
22.f5 Bd5 23.f6 g6 24.Bd3 Kh7 25.b3 Qe5 26.e4 Bb7 27.Bb2 Qg5 28.Bc1 Qe5 
29.Bb2 Qg5 30.Bc1 Qh4 31.g3 Qh5 32.Rf4 g5 33.e5+ Kg8 34.Rf1 Rd8 35.Be4 
Bxe4 36.Qxe4 Rd1 37.Qa8+ Kh7 38.Qe4+ Kh8 39.Qc6 Rxf1+ 40.Kxf1 Qd1+ 41.Kg2 
Qc2+ 42.Kh3 Qg6 43.Be3 Qh5+ 44.Kg2 Kh7 45.h3 Qe2+ 46.Bf2 Be1 47.Qxc5 Qxf2+
48.Qxf2 Bxf2 0-1

[Event "14th Reykjavik op"]
[Site "Reykjavik ISL"]
[Date "1990.03.18"]
[Round "2.27"]
[White "Winsnes, Rikard"]
[Black "Arnason, Throestur"]
[Result "0-1"]
[WhiteElo "2385"]
[BlackElo "2235"]
[EventDate "1990.03.17"]
[PlyCount "70"]

1.e4 e6 2.d4 d5 3.Nd2 Nf6 4.e5 Nfd7 5.Ngf3 c5 6.c4 cxd4 7.cxd5 exd5 8.Bd3 
Nc6 9.O-O Nc5 10.Nb3 Bg4 11.Be2 Bxf3 12.Bxf3 Ne6 13.Bg4 Qb6 14.f4 O-O-O 
15.f5 Nc7 16.Bf4 Kb8 17.Kh1 Ka8 18.Rc1 Na6 19.a3 f6 20.exf6 gxf6 21.Be2 
Nab8 22.a4 Bd6 23.Bd2 Bb4 24.a5 Bxa5 25.Bxa5 Nxa5 26.Nxd4 Rc8 27.Ne6 Nc4 
28.Bxc4 dxc4 29.Qd5 Na6 30.Rxc4 Qxb2 31.Rxc8+ Rxc8 32.h3 h5 33.Rd1 Qc3 34.
Qd7 Nb8 35.Rb1 Nxd7 0-1

[Event "14th Reykjavik op"]
[Site "Reykjavik ISL"]
[Date "1990.03.18"]
[Round "2.28"]
[White "Gislason, Gudmundur"]
[Black "Sigfusson, Sigurdur"]
[Result "1-0"]
[WhiteElo "2225"]
[BlackElo "2370"]
[EventDate "1990.03.17"]
[PlyCount "72"]

1.d4 d5 2.c4 c6 3.Nc3 Nf6 4.Nf3 dxc4 5.e3 b5 6.a4 Nd5 7.axb5 Nxc3 8.bxc3 
cxb5 9.Ne5 Bb7 10.Rb1 Qd5 11.f3 Bc6 12.e4 Qd6 13.f4 e6 14.Be2 Nd7 15.Bf3 
Nb6 16.O-O Be7 17.f5 O-O 18.Nxc6 Qxc6 19.e5 Nd5 20.Bxd5 exd5 21.Qg4 Kh8 
22.Rf3 Rfe8 23.Rh3 g6 24.e6 Rg8 25.Rxh7+ Kxh7 26.Qh3+ Kg7 27.Qh6+ Kf6 28.
Qg5+ Kg7 29.Qxe7 Qe8 30.Bh6+ Kh7 31.Qh4 Rh8 32.Bf4+ Kg8 33.Qf6 Rh7 34.Be5 
a6 35.Rf1 b4 36.e7 1-0

[Event "14th Reykjavik op"]
[Site "Reykjavik ISL"]
[Date "1990.03.18"]
[Round "2.29"]
[White "Tangborn, Eric"]
[Black "Bergsson, Snorri"]
[Result "1-0"]
[WhiteElo "2355"]
[BlackElo "2230"]
[EventDate "1990.03.17"]
[PlyCount "40"]

1.d4 e6 2.Nf3 Nf6 3.Bg5 c5 4.e3 Qb6 5.Qc1 Ne4 6.Bh4 cxd4 7.exd4 g5 8.Bd3 
Qa5+ 9.Kf1 gxh4 10.Bxe4 Bh6 11.Qxh6 Qb5+ 12.c4 Qxb2 13.Qd2 Qxa1 14.Ke2 f5 
15.Bxf5 b5 16.cxb5 Nc6 17.Rc1 Na5 18.Qxa5 Ba6 19.Qxa6 O-O 20.Qa3 1-0

[Event "14th Reykjavik op"]
[Site "Reykjavik ISL"]
[Date "1990.03.18"]
[Round "2.30"]
[White "Burger, Karl"]
[Black "Sigurpalsson, Runar"]
[Result "0-1"]
[WhiteElo "2345"]
[BlackElo "2220"]
[EventDate "1990.03.17"]
[PlyCount "88"]

1.d4 Nf6 2.Nf3 g6 3.g3 Bg7 4.Bg2 O-O 5.O-O d6 6.c4 Nc6 7.Nc3 a6 8.h3 e5 9.
Be3 exd4 10.Nxd4 Nxd4 11.Bxd4 c6 12.Qd2 Be6 13.b3 Qe7 14.Rad1 Rfd8 15.Bb6 
Rd7 16.e4 Rc8 17.Rfe1 Qf8 18.Na4 Ne8 19.Be3 Rdd8 20.Nb6 Rb8 21.Bf4 Qe7 22.
a4 Be5 23.Bg5 Bf6 24.h4 Nc7 25.a5 Bxg5 26.hxg5 Ne8 27.Nd5 Qf8 28.Nf6+ Nxf6
29.gxf6 Rd7 30.Qf4 Rbd8 31.Rd3 h5 32.f3 d5 33.exd5 cxd5 34.cxd5 Rxd5 35.
Rxd5 Rxd5 36.b4 Qd8 37.g4 g5 38.Qe3 Qxf6 39.gxh5 Qh6 40.Qb6 Qxh5 41.Qxb7 
Qh4 42.Qb8+ Kg7 43.Rf1 Qd4+ 44.Kh2 Rd8 0-1

[Event "14th Reykjavik op"]
[Site "Reykjavik ISL"]
[Date "1990.03.18"]
[Round "2.31"]
[White "Halldorsson, Bragi"]
[Black "Bewersdorff, Oliver"]
[Result "0-1"]
[WhiteElo "2215"]
[BlackElo "2325"]
[EventDate "1990.03.17"]
[PlyCount "90"]

1.d4 Nf6 2.c4 g6 3.Nc3 Bg7 4.e4 O-O 5.Be2 c6 6.Nf3 d5 7.e5 Ne4 8.O-O Nxc3 
9.bxc3 dxc4 10.Bxc4 c5 11.Be3 Nc6 12.Ng5 Na5 13.Bd3 h6 14.Ne4 cxd4 15.cxd4
Bf5 16.g4 Be6 17.f4 Nc4 18.Bxc4 Bxc4 19.Qf3 f5 20.gxf5 gxf5 21.Nc3 Bxf1 
22.Rxf1 Rc8 23.Bf2 Kh7 24.Ne2 Rc2 25.Ng3 Qc8 26.d5 b6 27.Qa3 Qc7 28.d6 
exd6 29.exd6 Qd7 30.Re1 Rc3 31.Qb4 Rd3 32.Re7 Qxd6 33.Qxd6 Rxd6 34.Rxa7 
Kg6 35.Rb7 Rff6 36.a4 Bf8 37.Kg2 Rd2 38.Nf1 Ra2 39.Kf3 Ra3+ 40.Kg2 Rxa4 
41.Rxb6 Rxb6 42.Bxb6 Rxf4 43.Be3 Rc4 44.Nd2 Rc2 45.Kh1 0-1

[Event "14th Reykjavik op"]
[Site "Reykjavik ISL"]
[Date "1990.03.18"]
[Round "2.32"]
[White "Becx, Cesar"]
[Black "Briem, Stefan"]
[Result "0-1"]
[WhiteElo "2300"]
[BlackElo "2215"]
[EventDate "1990.03.17"]
[PlyCount "80"]

1.f4 d5 2.Nf3 g6 3.g3 c5 4.Bg2 Nc6 5.O-O Bg7 6.d3 f5 7.Nc3 d4 8.Na4 Qd6 9.
c4 Bd7 10.a3 Rb8 11.Rb1 b5 12.cxb5 Rxb5 13.Nd2 Na5 14.Qc2 Nf6 15.b4 cxb4 
16.axb4 Nb7 17.Nc4 Qc7 18.Nc5 Nxc5 19.bxc5 O-O 20.Rxb5 Bxb5 21.Ne5 e6 22.
Qb3 Bd7 23.Nxd7 Qxd7 24.c6 Qf7 25.Ba3 Re8 26.Qb7 Nd5 27.Bxd5 exd5 28.c7 
Qe6 29.Bd6 Qe3+ 30.Rf2 Qc1+ 31.Kg2 h5 32.Be5 Bxe5 33.fxe5 h4 34.Qxd5+ Kf8 
35.Qd6+ Re7 36.Qf6+ Ke8 37.Qh8+ Kd7 38.gxh4 Qxc7 39.Qf6 Qxe5 40.Qxg6 Rg7 
0-1

[Event "14th Reykjavik op"]
[Site "Reykjavik ISL"]
[Date "1990.03.19"]
[Round "3"]
[White "Makarichev, Sergei"]
[Black "Arkell, Susan"]
[Result "1-0"]
[WhiteElo "2510"]
[BlackElo "2270"]
[EventDate "1990.03.17"]
[PlyCount "60"]

1.e4 c6 2.c4 d5 3.cxd5 cxd5 4.exd5 Nf6 5.Nc3 Nxd5 6.Nf3 Nxc3 7.bxc3 g6 8.
Bb5+ Nc6 9.O-O Bg7 10.Re1 O-O 11.Ba3 Bf6 12.d4 Be6 13.Bxc6 bxc6 14.Ne5 Qc7
15.Qf3 Bd5 16.Qg3 Rfe8 17.Re3 Rab8 18.Rae1 Kg7 19.h4 h5 20.c4 Bxe5 21.Rxe5
Bxc4 22.Qc3 Bxa2 23.d5 Kg8 24.d6 Qd7 25.Rxe7 Rxe7 26.Rxe7 Qg4 27.Bb2 Qd1+ 
28.Re1 Qxe1+ 29.Qxe1 Rxb2 30.d7 1-0

[Event "14th Reykjavik op"]
[Site "Reykjavik ISL"]
[Date "1990.03.19"]
[Round "3"]
[White "Levitt, Jonathan"]
[Black "Olafsson, David"]
[Result "1-0"]
[WhiteElo "2465"]
[BlackElo "2260"]
[EventDate "1990.03.17"]
[PlyCount "68"]

1.d4 Nf6 2.c4 e5 3.dxe5 Ne4 4.a3 a5 5.Nf3 Nc6 6.e3 Qe7 7.Be2 Nxe5 8.O-O b6
9.Nd4 Bb7 10.f3 Nc5 11.Nc3 Qd8 12.e4 Ba6 13.b3 Ne6 14.Nc2 a4 15.Nxa4 Bxc4 
16.Bxc4 Nxc4 17.Nc3 Na5 18.Rb1 Be7 19.f4 c6 20.f5 Nc7 21.e5 Nb7 22.Qg4 Bf8
23.Bg5 Qb8 24.Rbd1 Qa7 25.f6 Nc5 26.fxg7 Bxg7 27.Qf5 O-O 28.Rf3 N7e6 29.
Bf6 b5 30.Kh1 d5 31.Rg3 Qd7 32.b4 Qa7 33.bxc5 Qxc5 34.Rxg7+ 1-0